Miasta w Polsce zakończone na -d na mapie - Statystyki

Ogólne statystyki
  • Ten quiz został rozwiązany 196 razy
  • Średni wynik to 6 z 11
Odpowiedzi na mapie
Odpowiedzi zakodowano w zielono-czerwonej skali na mapie do tego quizu, zgodnie z poniższymi procentami.
 
Statystyki odpowiedzi
Województwo Miasto % Poprawnych
Zachodniopomorskie Stargard
92%
Zachodniopomorskie Białogard
75%
Zachodniopomorskie Nowogard
56%
Podlaskie Nowogród
50%
Wielkopolskie Międzychód
49%
Dolnośląskie Żmigród
46%
Lubelskie Tarnogród
44%
Podlaskie Rajgród
43%
Mazowieckie Wyszogród
41%
Lubelskie Krasnobród
31%
Opolskie Ujazd
29%
Nie znaleziono quizów pasujących do podanych kryteriów
Rozkład punktacji
Procent ludzi z każdym wynikiem
Percentyl według liczby udzielonych odpowiedzi
Twoja historia wyników
Nie rozwiązałeś tego quizu